书目信息 |
| 题名: |
魅力室内空间设计160例
|
|
| 作者: | 徐宾宾 主编 | |
| 分册: | 办公室 | |
| 出版信息: | 北京 中国建筑工业出版社 2014.04 |
|
| 页数: | 119页 | |
| 开本: | 23cm | |
| 丛书名: | ||
| 单 册: | ||
| 中图分类: | TU238.2-64 , TU243.2-64 | |
| 科图分类: | ||
| 主题词: | 办公室--ban gong shi--室内装饰设计--世界--现代--图集 , 室内装饰设计--shi nei zhuang shi she ji--世界--现代--图集 | |
| 电子资源: | ||
| ISBN: | 9787112154555 | |
| 000 | 00999nam 2200253 450 | |
| 001 | CAL 012013114848 | |
| 005 | 20191103094039.07 | |
| 010 | @a9787112154555 @dCNY48.00 | |
| 100 | @a20141022d2014 em y0chiy50 ea | |
| 101 | 0 | @achi |
| 102 | @aCN@b110000 | |
| 105 | @aa z 000yy | |
| 200 | 1 | @a魅力室内空间设计160例@Amei li shi nei kong jian she ji 160 li@i办公室@f徐宾宾主编 |
| 210 | @a北京@c中国建筑工业出版社@d2014.04 | |
| 215 | @a119页@c彩图@d23cm | |
| 330 | @a《魅力室内空间设计160例》精选了国内外最新的室内设计案例, 通过精美的实景图片以及设计师的讲解, 为读者提供众多包括中餐厅、西餐厅、办公空间和专卖店等不同空间的室内设计精品案例, 本册为办公室。 | |
| 517 | 1 | @a办公室@Aban gong shi |
| 606 | 0 | @a办公室@Aban gong shi@x室内装饰设计@y世界@z现代@j图集 |
| 606 | 0 | @a室内装饰设计@Ashi nei zhuang shi she ji@y世界@z现代@j图集 |
| 690 | @aTU238.2-64@v5 | |
| 690 | @aTU243.2-64@v5 | |
| 701 | 0 | @a徐宾宾@Axu bin bin@4主编 |
| 801 | 0 | @aCN@c20141022 |
| 905 | @a241430@dTU238.2-64@eX6704@f3 | |
| 魅力室内空间设计160例.办公室/徐宾宾主编.-北京:中国建筑工业出版社,2014.04 |
| 119页:彩图;23cm |
| ISBN 9787112154555 :CNY48.00 |
| 《魅力室内空间设计160例》精选了国内外最新的室内设计案例, 通过精美的实景图片以及设计师的讲解, 为读者提供众多包括中餐厅、西餐厅、办公空间和专卖店等不同空间的室内设计精品案例, 本册为办公室。 |
| ● |
| 相关链接 |
|
|
|
正题名:魅力室内空间设计160例
索取号:TU238.2-64/X6704
 
预约/预借
| 序号 | 登录号 | 条形码 | 馆藏地/架位号 | 状态 | 备注 |
| 1 | 1122797 | 211227974 | 建筑库101/101建筑库 57排2列4层/ [索取号:TU238.2-64/X670-4] | 在馆 | |
| 2 | 1122798 | 211227983 | 建筑库101/101建筑库 57排2列4层/ [索取号:TU238.2-64/X670-4] | 在馆 | |
| 3 | 1122799 | 211227992 | 建筑库101/101建筑库 57排2列4层/ [索取号:TU238.2-64/X670-4] | 在馆 | |
| 4 | 1231771 | 212317713 | 建筑库101/101建筑库 57排2列4层/ [索取号:TU238.2-64/X6704] | 在馆 | |
| 5 | 1231772 | 212317722 | 建筑库101/101建筑库 57排2列4层/ [索取号:TU238.2-64/X6704] | 在馆 | |
| 6 | 1231773 | 212317731 | 建筑库101/101建筑库 57排2列4层/ [索取号:TU238.2-64/X6704] | 在馆 | |
| 7 | 1231774 | 212317740 | 建筑库101/101建筑库 57排2列4层/ [索取号:TU238.2-64/X6704] | 在馆 | |
| 8 | 1231775 | 212317759 | 建筑库101/101建筑库 57排2列4层/ [索取号:TU238.2-64/X6704] | 在馆 | |
| 9 | 1231776 | 212317768 | 建筑库101/101建筑库 57排2列4层/ [索取号:TU238.2-64/X6704] | 在馆 |